Fr. Conceicao Rodrigues College of Engineering

Power electronics and motor drives (Record no. 24322)

MARC details
000 -LEADER
fixed length control field 00349nam a2200157Ia 4500
082 ## - DEWEY DECIMAL CLASSIFICATION NUMBER
Classification number 621.317
Item number BOS
100 ## - MAIN ENTRY--PERSONAL NAME
Personal name Bose/Bimal
245 ## - TITLE STATEMENT
Title Power electronics and motor drives
260 ## - PUBLICATION, DISTRIBUTION, ETC.
Name of publisher, distributor, etc. Elsevier
Date of publication, distribution, etc. 2006
366 ## - TRADE AVAILABILITY INFORMATION
Publishers's discount category 20
300 ## - PHYSICAL DESCRIPTION
Extent 917
546 ## - LANGUAGE NOTE
Language note ENGLISH
-- TTL
650 ## - SUBJECT ADDED ENTRY--TOPICAL TERM
Topical term or geographic name entry element Power electronics
654 ## - SUBJECT ADDED ENTRY--FACETED TOPICAL TERMS
Focus term power electronics
942 ## - ADDED ENTRY ELEMENTS (KOHA)
Koha item type BOOK
Holdings
Withdrawn status Lost status Damaged status Not for loan Collection Home library Current library Date acquired Source of acquisition Cost, normal purchase price Inventory number Total Checkouts Full call number Barcode Date last seen Cost, replacement price Price effective from Koha item type
        CRC Fr. Agnel's C.Rodrigues College of Engineering Fr. Agnel's C.Rodrigues College of Engineering 17/03/2023 Book Service Syndicate 500.00 59 dt 11.06.2014   621.317 BOS 23171 17/03/2023 625.00   BOOK